000 00561nam a22001817a 4500
005 20251108164912.0
008 250721s1995 xx 000 0 ara d
082 1 4 _a646.72/عاي
100 1 _aالرواجبة، عايدة أحمد
245 1 0 _a100 نصيحة لجمال بشرتك /
264 1 _aعمان :
_bدار الإسراء للنشر و التوزيع،
_c1995.
300 _a96ص
650 1 7 _aمستحضرات تجميل الوجه
650 1 7 _aالمظهر الشخصي
650 1 7 _aالمكياج
942 _2ddc
_cBK
999 _c17052
_d17052